000
00312nam a22001217a 4500
008
180515b xxu||||| |||| 00| 0 eng d
041
_a
eng
080
_a
043.3
100
_a
0
101
_a
SHP-BTH
245
_a
Konferenca Ndërkombëtare për Kosovën (Konferenca e Rambujesë)
_c
Baraliu,A.Z
942
_2
udc
_c
BK
999
_c
45806
_d
45806